| 000 | 00556nam a2200205Ia 4500 | ||
|---|---|---|---|
| 003 | OSt | ||
| 005 | 20220113180531.0 | ||
| 008 | 210716s2009 xx 000 0 und d | ||
| 020 | _a9788132101000 | ||
| 040 | _cAIMIT LIBRARY | ||
| 041 | _aeng | ||
| 082 | _a519.7 GAUA | ||
| 100 |
_aGaur, Ajai S;Gaur, Sanjaya S. _913120 |
||
| 245 | _aStatistical methods for practice and research: a guide to data analysis using spss. | ||
| 250 | _a1 | ||
| 260 |
_aNew Delhi _bResponse Books _c2009 |
||
| 300 | _a169 | ||
| 650 |
_aNone _913121 |
||
| 942 |
_2ddc _cBK |
||
| 999 |
_c205908 _d205908 |
||